Größte deutsche Bundesländer nach Fläche - Statistiken

Allgemein
  • Dieses Quiz wurde 324 mal gespielt
  • Das Durchschnittsergebnis liegt bei 14 aus 16
Antwortstatistiken
Fläche in km² Bundesland % Korrekt
70.541,57 Bayern
100%
47.709,80 Niedersachsen
95%
35.747,83 Baden-Württemberg
93%
34.112,44 Nordrhein-Westfalen
92%
891,12 Berlin
91%
419,37 Bremen
91%
755,09 Hamburg
90%
29.654,43 Brandenburg
89%
2.571,11 Saarland
88%
21.115,64 Hessen
84%
23.295,22 Mecklenburg-Vorpommern
84%
18.449,93 Sachsen
84%
16.202,35 Thüringen
84%
19.858,00 Rheinland-Pfalz
82%
20.456,51 Sachsen-Anhalt
82%
15.800,54 Schleswig-Holstein
81%
Keine übereinstimmenden Quizze gefunden
Verteilung der Resultate
Anzahl Personen mit jedem Resultat
Perzentil nach korrekt beantworteten Fragen
Ihre Resultats-Entwicklung
Sie haben dieses Quiz noch nicht gespielt